00910cam a2200229 a 450000100100000000500170001000800410002704000300006808200190009810000390011724501240015626000580028030000210033850400420035965000270040165000260042870000430045491000340049704900090053195201230054099900170066300001544820200929164038.0880630s1987 ck b 001 0 spa  aDO-SdBNPbspacDLCdBNPHU a150.195bG984s1 aGutiérrez, José,d1927-93488110aSilencio y verdad :bnegación y estima en el psicoanálisis /cJosé Gutiérrez ; prólogo Carlos B. Gutiérrez. aBogotá, Colombia :bInstituto Caro y Cuervo,c1987. a226 p. ;c23 cm. aIncluye referencias bibliográficas. 4aPsicolológico934882 4aAutoanálisis9348831 aGutiérrez, Carlos B.epról.934884 aCatalogación por copia / LC aBNGR 001054708MOaGRbGRcCTd2010-02-08iLF1l0o150.195 G984sp15448-10r2020-06-25w2020-06-25y4ZPréstamo en sala c15005d15005